| 000 | 00796nam a2200253 a 4500 | ||
|---|---|---|---|
| 005 | 20160112040533.0 | ||
| 008 | 140307b1997 sp abd fr|||| 00| 0 eng d | ||
| 020 | _a8487334105 | ||
| 040 |
_aCO-BoIAVH _cCO-BoIAVH |
||
| 041 | 0 | _aeng | |
| 044 | _asp | ||
| 082 | 0 | 4 |
_a598 _bH23b |
| 245 | 1 | 0 | _aHandbook of the birds of the world / |
| 260 |
_aBarcelona : _bLynx Edicions : _bBirdlife International, _c1997. |
||
| 300 |
_a8 vols. : _bilustraciones, tablas, mapas ; _c33 x 25 cm. |
||
| 650 | 6 | _aAves | |
| 650 | 6 | _aOrnitologia | |
| 650 | 6 | _aTaxonomía animal | |
| 650 | 4 | _aDistribución geográfica de especies | |
| 700 | 1 |
_adel Hoyo, Josep _eEditor |
|
| 700 | 1 |
_aElliott, Andrew _eEditor |
|
| 700 | 1 |
_aSargatal, Jordi _eEditor |
|
| 942 |
_cLIBRO _2ddc |
||
| 999 |
_c3038 _d3038 |
||